|
|
|
|
| LEADER |
01419nam a2200349 a 4500 |
| 001 |
35585 |
| 003 |
BD-DhAAL |
| 005 |
20211205121321.0 |
| 008 |
191104u1995 paua b 001 0 eng d |
| 999 |
|
|
|c 41750
|d 41750
|
| 010 |
|
|
|a 94062044
|
| 020 |
|
|
|a 1566762359
|
| 035 |
|
|
|a (OCoLC)32726418
|
| 040 |
|
|
|a VtCasT
|c VtCasT
|d DLC
|d BD-DhAAL
|
| 042 |
|
|
|a lccopycat
|
| 043 |
|
|
|a n-us---
|
| 050 |
0 |
0 |
|a LB2831.82
|b .W58 1995
|
| 082 |
|
|
|a 371.2011082
|2 22
|
| 100 |
1 |
|
|a Witmer, Judith T.
|9 36744
|
| 245 |
1 |
0 |
|a Moving up! :
|b a guidebook for women in educational administration /
|c Judith Thompson Witmer.
|
| 260 |
|
|
|a Lancaster, Pa. :
|b Technomic Publishing Co.,
|c c1995.
|
| 300 |
|
|
|a xxxiii, 387 pages :
|b illustrations ;
|c 22 cm.
|
| 504 |
|
|
|a Includes bibliographical references (pages 363-374) and index.
|
| 526 |
|
|
|a BIED
|
| 541 |
|
|
|a Complimentary copy from BIED
|e 35585
|
| 650 |
|
0 |
|a Women school administrators
|z United States.
|9 36745
|
| 650 |
|
0 |
|a Women college administrators
|z United States.
|9 36746
|
| 650 |
|
0 |
|a Educational leadership
|z United States.
|9 36747
|
| 650 |
|
0 |
|a Social science
|9 36748
|
| 852 |
|
|
|a Ayesha Abed Library
|c BIED Collection
|
| 942 |
|
|
|2 ddc
|c BK
|
| 952 |
|
|
|0 0
|1 0
|2 ddc
|4 0
|6 371_201108200000000_WIT
|7 0
|9 67003
|a BRACUL
|b BRACUL
|c GEN
|d 2019-11-04
|e Complimentary copy from BIED
|l 3
|m 13
|o 371.2011082 WIT
|p 3010035585
|r 2026-05-10
|s 2026-04-11
|t 1
|w 2019-11-04
|y BK
|x Transferred from BIED to General Stacks
|